Fenómenos paranormales y dones místicos
Guardat en:
| Autor principal: | |
|---|---|
| Format: | Llibre |
| Idioma: | espanyol |
| Publicat: |
Bogotá
San Pablo
1995
|
| Edició: | 2a. ed |
| Col·lecció: | Colección Experiencias
|
| Matèries: | |
| Etiquetes: |
Afegir etiqueta
Sense etiquetes, Sigues el primer a etiquetar aquest registre!
|
MARC
| LEADER | 00000nam a2200000 a 4500 | ||
|---|---|---|---|
| 001 | UCK0210 | ||
| 003 | CL-VaPUC | ||
| 008 | 040915e19950000CK |||||||||||||||||spa|d | ||
| 020 | |a 9586076008 | ||
| 082 | 0 | 4 | |a 133 |b MAR |2 21 |
| 100 | |a Marcozzi, Vittorio |e autor |9 488109 | ||
| 245 | 1 | 0 | |a Fenómenos paranormales y dones místicos |
| 250 | |a 2a. ed | ||
| 300 | |a 104 p | ||
| 942 | |c BK | ||
| 945 | |d 20040915 00:00:00 |a cmena | ||
| 260 | |a Bogotá |b San Pablo |c 1995 | ||
| 650 | 7 | |a PARAPSICOLOGIA |2 CL-VaPUC |9 309534 | |
| 650 | 7 | |a PERCEPCION EXTRASENSORIAL |2 CL-VaPUC |9 309537 | |
| 650 | 0 | |a Fenómenos paranormales |9 433267 | |
| 583 | |a last modification |c 20040915 00:00:00 |k Rodrigo Vera | ||
| 490 | 0 | |a Colección Experiencias | |
| 999 | |c 310699 |d 310697 | ||
| 952 | |0 0 |1 0 |4 0 |6 133_000000000000000_MAR_1995 |7 0 |8 A |9 379595 |a BIBTEO |b BIBTEO |d 2019-11-21 |i 406383K |o 133 MAR 1995 |p 406383K |r 2025-01-17 |w 2019-11-21 |y BK |k ICR | ||